000 01385nam a2200337 c 4500
999 _c179446
_d179446
003 BLK
005 20210511111546.0
008 180411b bul|||||r ||||||| ||bul||
010 _aKNG00188225000
020 _a9789547693692
040 _aBLK
041 _aBUL
_cBUL
072 7 _2bullib
_aН83
_xЧужда художествена литература Н
080 _aАмериканска литература (на САЩ)
_b821.111(73)
_x-31
_z821.111(73)-31
100 1 _aТропър, Джонатан
_eпърви автор
_9131547
139 _aТропър, Джонатан
_bТ 86
245 1 0 _aШантава седмица
_bРоман
_cДжонатан Тропър; прев. от англ. Здравка Атанасова Славянова.
257 _aUSA
260 _bОбсидиан
_c2014
_fВ. Търново : Абагар
300 _a384 с.
_c20 см
380 _aX
500 _aОриг. загл. This Is Where I Leave You / Jonathan Tropper.
653 _aромани
659 _aН
700 1 _aСлавянова, Здравка Атанасова
_eпрев. от англ.
_9121440
852 _aЦб 293778
856 4 _qpdf
856 4 _qpdf
942 _cKNG
_n0
_025
944 _aCR
_c03.06.2016
_lф /
_kВиолета_Тройчева
944 _aED
_c13.06.2016
_lф /
_kЛюдмила_Стоянова
944 _aED
_c2019-02-18
_kПетя Минчева
999 _d179446
999 _d179446